Οι ψυχολογικές επιδράσεις των κατοικίδιων ζώων : πτυχιακή εργασία

Αποθηκεύτηκε σε:
Λεπτομέρειες βιβλιογραφικής εγγραφής
Κύριος συγγραφέας: Μουστάκη, Αθηνά
Συγγραφή απο Οργανισμό/Αρχή: Πανεπιστήμιο Αιγαίου. Σχολή Περιβάλλοντος. Τμήμα Περιβάλλοντος
Άλλοι συγγραφείς: Τόλη, Βασιλική (Ο εκπονών διατριβή)
Μορφή: Thesis Βιβλίο
Γλώσσα:Greek
Δημοσίευση: 2016.
Θέματα:
Διαθέσιμο Online:http://hdl.handle.net/11610/18390
Ετικέτες: Προσθήκη ετικέτας
Δεν υπάρχουν, Καταχωρήστε ετικέτα πρώτοι!

MARC

LEADER 00000cam a2200000 a 4500
001 1/117471
008 181031s2016####gr | ||| |||| ||gre||
040 |a GR-MyUa  |b gre  |c GR-MyUa  |e AACR2 
041 0 |a gre 
082 7 |a 155.9  |2 (23) 
100 1 |a Μουστάκη, Αθηνά. 
245 1 3 |a Οι ψυχολογικές επιδράσεις των κατοικίδιων ζώων :   |b πτυχιακή εργασία /   |c Αθηνά Μουστάκη , Βασιλική Τόλη ; επιβλέπων καθηγητής: Ιωσήφ Μποτετζάγιας.  
260 |c 2016.  
300 |a 26 σ. ;   |c 30 εκ.  
502 |a Πτυχιακή εργασία – Πανεπιστήμιο Αιγαίου, Λέσβος, 2016. 
504 |a Περιλαμβάνει βιβλιογραφία.  
506 1 |a Ηλεκτρονική διάθεση στο πλήρες κείμενο - περιορισμένης πρόσβασης ;   |d Ελεύθερη διάθεση μόνο στα μέλη του Πανεπιστημίου Αιγαίου.  
540 |a Κλειδωμένη η δυνατότητα αντιγραφής (copy) από το ηλεκτρονικό κείμενο.  
650 0 |a Human-animal relationships. 
650 0 |a Pets  |x Psychological aspects. 
650 0 |a Empathy. 
650 0 |a Environmental psychology. 
700 1 |a Τόλη, Βασιλική,  |e dis 
700 1 |a Μποτετζάγιας, Ιωσήφ Α. ,  |e dgs 
710 2 |a Πανεπιστήμιο Αιγαίου.   |b Σχολή Περιβάλλοντος.   |b Τμήμα Περιβάλλοντος. 
852 |a INST  |b LESVOS  |c DIATR  |e 20181031  |h 1752  |p 005100059838  |q 005100059838  |t DIE  |y 23 
856 |u http://hdl.handle.net/11610/18390 
924 |a Μουστάκη   |b Αθηνά   |y Λέσβος  |z 2017-02  
924 |a Τόλη   |b Βασιλική   |y Λέσβος  |z 2017-02  
970 |a Δημάκη   |b Μαρία   |z 31-10-2018